000 00453cam a2200157 4500500
005 20251012032606.0
041 _afre
042 _adc
100 1 0 _aGozard, Isabelle
_eauthor
700 1 0 _a Le Moing, Monique
_eauthor
245 0 0 _aPages de début
260 _c2007.
500 _a20
786 0 _nSigila | 19 | 1 | 2007-06-20 | p. 1-9 | 1286-1715
856 4 1 _uhttps://shs.cairn.info/revue-sigila-2007-1-page-1?lang=fr&redirect-ssocas=7080
999 _c1547746
_d1547746